Estatísticas para Países que começam com C

Clique aqui para jogar o quiz

Estatísticas Gerais

  • Esse quiz foi jogado 21 451 vezes
  • A pontuação média é 12 de 18

Estatísticas das Respostas

País% Correto
Canadá
90%
Colômbia
84%
China
83%
Chile
80%
Cazaquistão
77%
Camarões
75%
Croácia
74%
Coréia do Norte
72%
Coréia do Sul
72%
Costa Rica
67%
Cuba
66%
Chipre
63%
Costa do Marfim
60%
Camboja
60%
Comores
56%
Chade
54%
Catar
53%
Cabo Verde
51%

Distribuição das Pontuações

Percentil de Números Respondidos

Porcentagem de Pessoas com Cada Pontuação

Sua Pontuação Histórica

Você não jogou esse quiz